| 000 | 00634cam a22002171 4500 | ||
|---|---|---|---|
| 001 | ca 36001202 | ||
| 003 | DLC | ||
| 005 | 20260227111142.0 | ||
| 008 | 750520s1928 nyu 000 0 eng | ||
| 010 | _aca 36001202 | ||
| 035 | _a(OCoLC)1347369 | ||
| 040 |
_aDLC _cFM _dNN _dDLC |
||
| 042 | _apremarc | ||
| 050 | 0 | 0 |
_aPN6120.A5 _bK33 |
| 082 | _a812.5 | ||
| 100 | 1 | _aKaufman, Hazel Sharrard. | |
| 245 | 1 | 0 |
_aLittle black Sambo, _ba play in three scenes for pre-school children, _cby Hazel Sharrard Kaufman. |
| 260 |
_aNew York City, _bS. French _c[c1928] |
||
| 300 |
_a4 p. l., 3-21 p. _c20 cm. |
||
| 490 | 0 | _aThe Junior league plays | |
| 999 |
_c18218 _d18218 |
||